=LDR 00000nam 2200000 4500 =001 INLIS000000000021731 =005 20130612120548 =008 ***********************************Ind** =035 ##$$0010-061300000021731 =041 ##$$a Ind =082 ##$$a 510.7 =090 ##$$a 510.7, Hud-p =100 ##$$a HUDOJO, Herman =245 ##$$a Pengembangan Kurikulum Matematika dan Pelaksanaannya di depan kelas, Drs. Herman Hudojo, M.Ed =260 ##$$a 1979 $b Surabaya =300 ##$$a xi, 317 hlm., ilus., 20 Cm =650 ##$$a Matematika-Kurikulum =850 ##$$a NBPNMAT